[Event "SLO-chT2 West"]
[Site "Kranj"]
[Date "2004.10.15"]
[Round "1.6"]
[White "Pirnat, Saso"]
[Black "Milunovic, Vlado"]
[Result "0-1"]
[WhiteElo "1748"]
[BlackElo "1939"]
[PlyCount "42"]
[EventDate "2004.10.15"]
[EventType "team"]
[EventRounds "3"]
[EventCountry "SLO"]
[SourceTitle "EXT 2009"]
[Source "ChessBase"]
[SourceDate "2008.11.26"]
[SourceVersion "1"]
[SourceVersionDate "2008.11.26"]
[SourceQuality "1"]

1. d4 d5 2. e4 dxe4 3. Nc3 Bf5 4. g4 Bg6 5. Bg2 f5 6. gxf5 Bxf5 7. Bxe4 Bxe4 8. Nxe4 Nf6 9. Qf3 c6 10. c3 Nbd7 11. Ng5 Qa5 12. Ne6 Rc8 13. Bf4 Qf5 14. Qe2 h6 15. Kf1 g5 16. Bd2 Ne4 17. Re1 Ndf6 18. f3 g4 19. Nf4 gxf3 20. Nxf3 Nxd2+ 21. Qxd2 Nd5 0-1

[Event "Portoroz op"]
[Site "Portoroz"]
[Date "1995.??.??"]
[Round "?"]
[White "Milunovic, Vlado"]
[Black "Grobovsek, Ivan"]
[Result "1/2-1/2"]
[WhiteElo "2010"]
[BlackElo "1850"]
[PlyCount "138"]
[EventDate "1995.04.??"]
[EventType "swiss"]
[EventRounds "9"]
[EventCountry "SLO"]
[SourceTitle "CBM 046 Extra"]
[Source "ChessBase"]
[SourceDate "1995.07.01"]
[SourceVersion "1"]
[SourceVersionDate "1995.07.01"]
[SourceQuality "1"]

1. e4 c5 2. Nf3 Nc6 3. c3 Nf6 4. e5 Nd5 5. Bc4 Nb6 6. Bb3 e6 7. d4 cxd4 8. cxd4 d5 9. 0-0 Be7 10. a3 Bd7 11. Nc3 0-0 12. Qd3 g6 13. Bh6 Re8 14. h3 Bf8 15. Qe3 Bg7 16. Bxg7 Kxg7 17. Nh2 h5 18. Nf3 Ne7 19. Ng5 Nf5 20. Qf4 Rc8 21. Rac1 Nc4 22. Rc2 Qb6 23. Bxc4 Rxc4 24. Nf3 Rec8 25. Rd2 Qd8 26. Rd3 b5 27. Nd2 R4c7 28. g4 hxg4 29. hxg4 g5 30. Qh2 Nh4 31. Nf3 a5 32. Nxh4 gxh4 33. Rh3 Qg5 34. Rxh4 b4 35. axb4 axb4 36. Ne2 Bb5 37. Re1 Bxe2 38. Rxe2 Rc1+ 39. Kg2 Rd1 40. Re3 Rcc1 41. Rh7+ Kg6 42. Qh5+ Qxh5 43. Rxh5 Rxd4 44. Kf3 Rc2 45. Rb3 Rdd2 46. Rxb4 Rxf2+ 47. Ke3 Rxb2 48. Ra4 Ra2 49. Rb4 Rfb2 50. Rd4 Rh2 51. Rxh2 Rxh2 52. Rf4 Rh3+ 53. Kd4 Ra3 54. Kc5 Rc3+ 55. Kd6 Rc4 56. Rf6+ Kg7 57. Ke7 Rc7+ 58. Kd6 Ra7 59. g5 d4 60. g6 d3 61. Rf3 d2 62. Rd3 Ra8 63. Ke7 Ra7+ 64. Kd6 Kxg6 65. Rxd2 Kf5 66. Rf2+ Ke4 67. Re2+ Kf3 68. Re1 Kf2 69. Re4 Kf3 1/2-1/2